000 00707nam a2200241Ia 4500
003 OSt
005 20220926022802.0
006 a|||||r|||| 00| 0
007 ta
008 220923b |||||||| |||| 00| 0 eng d
037 _cGeneral Book
040 _aRTL
_cRTL
_beng
041 _2eng
_aeng
082 _aX:86, M2
100 _aLoring Roy
_9328268
245 0 _aProposals prepration and management handbook
260 _aNew York
_bVan Nostrand USA
_c1982
300 _axiv, 430p. Bib p 409-26 ; Appendix p 369-408
_ccm.
650 _aTop Management
700 _a Kerzner Harold
_9312332
942 _hX:86, M2
_cGB
_2CC
999 _c640279
_d640279